000 00511nam a2200205Ia 4500
003 GCL
008 140319s9999 xx 000 0 eng d
040 _aGCL /
_cGCL
082 0 4 _a833
_bK M
100 1 _aKAFKA, FRANZ
245 1 0 _aMETAMORPHOSIS AND OTHER STORIES /
_cKAFKA, FRANZ
700 1 _aMUIR, EDWIN
260 _a[S.N] :
_bPENGUIN BOOKS ،
_c1963
300 _a218 P
650 0 4 _aLITERATURE
650 0 4 _aFICTION
650 0 4 _aGERMAN FICTION
650 0 4 _aGERMAN LITERATURE
942 _2ddc
_cBK
999 _c14966
_d14966